Deutsche Songs mit Farben im Titel - Statistiken

Allgemein
  • Dieses Quiz wurde 996 mal gespielt
  • Das Durchschnittsergebnis liegt bei 10 aus 18
Antwortstatistiken
Interpret Titel % Korrekt
Udo Jürgens Siebzehn {Jahr}, blondes Haar
90%
Wencke Myhre Er hat ein knallrotes {Gummiboot}
86%
Cliff Richard Rote {Lippen} soll man küssen
86%
Comedian Harmonists Mein kleiner grüner {Kaktus}
85%
Jeremias Grüne Augen {lügen} nicht
79%
Marteria, Miss Platnum, Yasha Lila {Wolken}
79%
Josh. {Cordula} Grün
65%
Joachim Witt Goldener {Reiter}
56%
Peter Fox ft. Inéz {Zukunft} Pink
51%
Ideal Blaue {Augen}
44%
Heino Schwarzbraun ist die {Haselnuss}
44%
Nana Mouskouri Weiße Rosen aus {Athen}
42%
Flippers Die rote Sonne von {Barbados}
39%
Pur Ein graues {Haar}
39%
Kraftklub Blaues {Licht}
34%
Erste Allgemeine Verunsicherung Drei weiße {Tauben}
34%
Karat Der blaue {Planet}
29%
Die Ärzte Roter {Minirock}
6%
Keine übereinstimmenden Quizze gefunden
Verteilung der Resultate
Anzahl Personen mit jedem Resultat
Perzentil nach korrekt beantworteten Fragen
Ihre Resultats-Entwicklung
Sie haben dieses Quiz noch nicht gespielt